000 00744nam a2200205Ia 4500
001 1211
003 GE_BSU
008 181216s||||||||xx |||||||||||||| ||und||
020 _a5505003532
040 _cGE_BSU
080 _a63(075.8)
100 _aგიგინეიშვილი, პ.
245 _aაგრონომიის შესავალი სახელმძღვ. საქ. სუპტრ. მეურნ. ინ-ტის სტუდენტებისათვის
260 _aთბილისი
260 _bგანათლება
300 _a144 გვ. 19 სმ.
541 _h6 ლ.
653 _aაგრონომიის სახელმძღვანელო
942 _cBK
999 _c35358
_d35358